000
00320nam a2200133Ia 4500
005
20251222155050.0
008
251222s9999||||xx |||||||||||||| ||spa||
082
_a
SIC.38
100
_a
JIMENEZ CADENA, Alvaro.
245
0
_a
Conquista de la madurez emocional
250
_a
3ra. ed.
264
_b
Himpres
942
_c
LIB
999
_c
37260
_d
37260